00530nam a2200205 a 4500001001300000003000900013005001700022008004100039020000900080082001900089100002400108245003600132260002800168300000900196500003500205505002400240650001600264650002000280700002400300nice12345678IN_TiNIC20260116012851.0050524s1979 boma grp 000 0 urd  ac4000a891.4391bRAZ2 aRaza, Kalidas Gupta aChakbast Awr Baqiyat-E-Chakbast aBombaybVimal Pubc1979 a276p aincludes index and biblioraphy2 aIndex, Bibliography aUrdu-Poetry aPoetry-Chakbast1 aRaza, Kalidas Gupta